Bản Nùng dưới chân Trường Sơn Nam /
Một bản làng xây dựng kinh tế tốt có nếp sống văn hoá trong cưới hỏi, sinh con, đoàn kết giúp đỡ nhau, thi đua học tập.
সংরক্ষণ করুন:
| প্রধান লেখক: | |
|---|---|
| বিন্যাস: | প্রবন্ধ |
| ভাষা: | Vietnamese |
| বিষয়গুলি: | |
| ট্যাগগুলো: |
ট্যাগ যুক্ত করুন
কোনো ট্যাগ নেই, প্রথমজন হিসাবে ট্যাগ করুন!
|
| Thư viện lưu trữ: | Thư viện Trường Đại học Đà Lạt |
|---|
| LEADER | 00822nam a2200265 4500 | ||
|---|---|---|---|
| 001 | DLU020020288 | ||
| 008 | ##2002t vn vie d | ||
| 040 | # | # | |a DLU |b vie |
| 041 | # | # | |a vie |
| 100 | # | # | |a Đinh Thị Nga |
| 245 | # | # | |a Bản Nùng dưới chân Trường Sơn Nam / |c Đinh Thị Nga |
| 520 | # | # | |a Một bản làng xây dựng kinh tế tốt có nếp sống văn hoá trong cưới hỏi, sinh con, đoàn kết giúp đỡ nhau, thi đua học tập. |
| 653 | # | # | |a Dân tộc thiểu số |
| 653 | # | # | |a Trường Sơn |
| 653 | # | # | |a Văn hoá |
| 773 | # | # | |t Lâm Đồng |g 2002, ngày 25 tháng 6, tr. 4 |
| 933 | # | # | |a 320LD |
| 994 | # | # | |a DLU |
| 900 | # | # | |a True |
| 911 | # | # | |a Phan Ngọc Đông |
| 925 | # | # | |a G |
| 926 | # | # | |a A |
| 927 | # | # | |a BB |
| 980 | # | # | |a Thư viện Trường Đại học Đà Lạt |